00318nam a2200109Ia 4500008004100000020001800041100002600059245006800085250001500153260002500168300001500193171211s9999 xx 000 0 und d a9780323295680 aMcPherson, Richard A. aHenry's Clinical Diagnosis and Management by Laboratory Methods a23 Edition bElsevier, Inc.c2017 a1565 pages